| 000 | 00897nam a2200205Ia 4500 | ||
|---|---|---|---|
| 999 |
_c38000 _d38000 |
||
| 001 | 3984 | ||
| 003 | GE_BSU | ||
| 005 | 20190829152532.0 | ||
| 008 | 181216s1983||||ge |||||||||||||| ||geo|| | ||
| 040 | _cGE_BSU | ||
| 041 | _ageo | ||
| 080 | _a378(061) თ–40 | ||
| 245 |
_aთბილისის სახელმწიფო უნივერსიტეტის შრომები : _b1983. ტ. 240 : ქიმია-ბიოლოგია / _cთბილისის უნივერსიტეტი ; რედ. ლ. ნათაძე. |
||
| 264 |
_aთბილისი : _bთბილისის უნ-ტის გამ-ბა, _c1983. |
||
| 300 |
_a234 გვ. ; _b27 სმ. |
||
| 653 | _aქიმია-ბიოლოგია | ||
| 653 | _aშრომები | ||
| 700 |
_aნათაძე, ლ. _eრედაქტორი _93830 |
||
| 942 |
_cBK _2udc |
||